000
00278nam a22001337a 4500
008
170614b xxu||||| |||| 00| 0 eng d
020
_a
087187427X
041
_a
eng
080
_a
324
100
_a
19
101
_a
SHP
245
_a
GOVERNNG
_c
DAVIDSON, R.H
942
_2
udc
_c
BK
999
_c
17344
_d
17344